000
00250nam a22001097a 4500
082
_a
QRI
100
_a
Qriental Book social
245
_a
Practical dictionary english to english urdu
260
_a
Lahore
_b
Oriental Book
300
_a
673
942
_c
BK
999
_c
14298
_d
14298